000 00382 a2200157 4500
001 157422
020 _a85-325-1016-7
040 _cEscola São Tomás de Aquino
100 _aLISPECTOR, Clarice
240 1 0 _aComo nasceram as estrelas
_l
245 1 0 _aComo nasceram as estrelas
300 _a53
362 0 _a1999
697 _aFolclore / Adivinhações / Lendas
942 _cBK
999 _c157422
_d157422